000 01097nam a2200289 c 4500
001 1849
003 ES-MaCES
005 20141221121552.0
008 940714s1993 sp ||| | spa d
035 _aCES19980018593m
040 _aES-MaCES
_bspa
_cES-MaCES
245 0 4 _aLos Consejos Económicos y Sociales en España
_b: apéndice legislativo
_c[recopilado por el Centro de Documentación del Consejo Económico y Social, Comunidad de Madrid]
260 _a[Madrid
_bConsejo Económico y Social, Comunidad de Madrid
_c1993?]
300 _a1 v. (pag. var.)
_c30 cm
490 1 _aDocumentación
_v1
541 _cGratuito
650 4 _aConsejos Económicos y Sociales
_930859
650 4 _aEspaña
_926964
650 4 _alegislación
_927153
650 4 _arégimen jurídico
_929894
653 1 0 _aLegislación
710 2 _aConsejo Económico y Social (Madrid)
_bCentro de Documentación
_ecol.
_92425
830 0 _aDocumentación (Consejo Económico y Social (Madrid))
_v1
_932396
902 _aDOC Literatura gris
942 _2CES
_cBK
_h6.1.
999 _c1849
_d1849